00727cam a2200229 a 450000100040000000500170000402000180002104000230003905000260006208200140008810000260010224500530012825000210018126000370020230000510023950500080029052001080029852100200040652100200042665000320044665000190047876220230908140900.0 a9780756656072 aDLCcDLCdDLCbeng00aQL638.D825bD825 199800a597.32211 aDubowski, Cathy East.10aShark attack! /cwritten by Cathy East Dubowski. a1st American ed. aNew York :bDK Publishingc1998. a48 pages :bcolor illustrations, maps ;c23 cm aU  aDescribes the nearly disastrous encounter of a spear-fisherman with a shark off the coast of Australia.0 a820 bLexile 0 aU bRaz-Plus  0aShark attacksxNon-fiction. 1aShark attacks.